[Event "I Open Distrito de Chamartin 2012"]
[Site "Madrid ESP"]
[Date "2012.09.15"]
[Round "9.32"]
[White "Castro Uceda, Jose Antonio"]
[Black "Garcia-Ruiz Fuentes, Angel M"]
[Result "0-1"]
[WhiteElo "1657"]
[BlackElo "1943"]
[PlyCount "128"]
[EventDate "2012.09.09"]
[EventType "swiss"]
[EventRounds "9"]
[EventCountry "ESP"]
[Source "lmi"]
[SourceDate "2012.09.09"]

1. d4 Nf6 2. c4 g6 3. Nc3 Bg7 4. e4 O-O 5. Nf3 d6 6. Bg5 c5 7. d5 Nbd7 8. Bd3
Ng4 9. h3 Nge5 10. O-O Re8 11. Be2 Nxf3+ 12. Bxf3 a6 13. Rb1 Qa5 14. Qc2 b5 15.
Bd2 Ne5 16. Be2 Nxc4 17. Bxc4 bxc4 18. Na4 Qb5 19. Nc3 Qd7 20. Na4 Qb5 21. Nc3
Qb7 22. Qa4 Bd7 23. Qc2 e6 24. Rfe1 a5 25. Bf4 Ra6 26. a3 a4 27. Qd2 Bd4 28.
Be3 e5 29. Bh6 f6 30. Qe2 Qb3 31. Qf3 f5 32. Qg3 Qb8 33. Qh4 Qd8 34. Bg5 Qc7
35. Qh6 Bc8 36. Bf6 Rf8 37. Bg5 Qg7 38. Qh4 Qf7 39. Be7 Re8 40. Bg5 Bd7 41. Kh1
f4 42. g3 Bxf2 43. Rf1 fxg3 44. Kg2 Rf8 45. Qxg3 Bxg3 46. Rxf7 Rxf7 47. Kxg3
Rb6 48. Bd8 Rb7 49. Bg5 Rb3 50. Bd2 Rf8 51. Kg2 Rfb8 52. Nd1 Bxh3+ 53. Kh2 Bg4
54. Bc3 Rxa3 55. Rc1 Rab3 56. Ne3 Be2 57. Nc2 Bd3 58. Na1 Rxb2+ 59. Bxb2 Rxb2+
60. Kg3 Rb1 61. Rxb1 Bxb1 62. Kf2 c3 63. Ke3 c2 64. Kd2 h5 0-1

[Event "I Open Distrito de Chamartin 2012"]
[Site "Madrid ESP"]
[Date "2012.09.15"]
[Round "9.33"]
[White "Moreno Sanchez, Guillermo"]
[Black "Sanchez Rodenas, Antonio"]
[Result "1/2-1/2"]
[WhiteElo "1635"]
[BlackElo "1756"]
[PlyCount "69"]
[EventDate "2012.09.09"]
[EventType "swiss"]
[EventRounds "9"]
[EventCountry "ESP"]
[Source "lmi"]
[SourceDate "2012.09.09"]

1. d4 Nf6 2. c4 g6 3. Nc3 d5 4. Nf3 Bg7 5. e3 O-O 6. Be2 Re8 7. O-O c6 8. Qb3
Qb6 9. Qxb6 axb6 10. cxd5 Nxd5 11. Nxd5 cxd5 12. a3 Nc6 13. Bb5 Bd7 14. Bd2 e5
15. dxe5 Nxe5 16. Bxd7 Nxd7 17. Rab1 Nc5 18. Ne1 Nb3 19. Bb4 d4 20. exd4 Nxd4
21. Nd3 Nb3 22. Rfd1 Rac8 23. h3 h6 24. Nf4 Rc2 25. Rd7 Bd4 26. Nd3 Ree2 27.
Rd8+ Kg7 28. h4 Bxf2+ 29. Nxf2 Rxf2 30. Bc3+ f6 31. Rbd1 Rxg2+ 32. Kf1 Rcf2+
33. Ke1 Re2+ 34. Kf1 Rgf2+ 35. Kg1 1/2-1/2

[Event "I Open Distrito de Chamartin 2012"]
[Site "Madrid ESP"]
[Date "2012.09.15"]
[Round "9.34"]
[White "Matesanz Bonastre, Rafael"]
[Black "Pardo Vaquero, Ignacio"]
[Result "0-1"]
[WhiteElo "1631"]
[BlackElo "1756"]
[PlyCount "100"]
[EventDate "2012.09.09"]
[EventType "swiss"]
[EventRounds "9"]
[EventCountry "ESP"]
[Source "lmi"]
[SourceDate "2012.09.09"]

1. d4 Nf6 2. c4 c5 3. d5 b5 4. cxb5 a6 5. bxa6 g6 6. Nc3 Bxa6 7. Nf3 d6 8. g3
Bg7 9. Bg2 O-O 10. O-O Nbd7 11. Re1 Qa5 12. Qc2 Rfb8 13. Bd2 Qb6 14. Rab1 Ng4
15. h3 Nge5 16. Nxe5 Nxe5 17. b3 Bc8 18. e4 Ba6 19. Bf1 Nf3+ 20. Kg2 Nxe1+ 21.
Rxe1 Bxf1+ 22. Rxf1 Qa6 23. a4 Bxc3 24. Bxc3 Qb6 25. Rb1 Rxa4 26. bxa4 Qxb1 27.
Qe2 Qb3 28. Qd2 Qxa4 29. Qh6 f6 30. Qf4 Qd1 31. Bxf6 Rb1 32. g4 Qf1+ 33. Kg3
Rb3+ 34. Kh4 Qxh3+ 35. Kg5 Rf3 36. Qxf3 Qxf3 37. Bxe7 Qxe4 38. Bf6 Qxd5+ 39.
Kf4 Qd2+ 40. Kg3 c4 41. f4 c3 42. Bxc3 Qxc3+ 43. Kh4 d5 44. f5 Qf6+ 45. g5 Qxf5
46. Kg3 Qxg5+ 47. Kh3 d4 48. Kh2 d3 49. Kh3 d2 50. Kh2 d1=R 0-1

[Event "I Open Distrito de Chamartin 2012"]
[Site "Madrid ESP"]
[Date "2012.09.15"]
[Round "9.36"]
[White "Arias De Reina Martinez, Francisco"]
[Black "Aguado Rodriguez, Guillermo"]
[Result "1/2-1/2"]
[WhiteElo "1614"]
[BlackElo "1881"]
[PlyCount "73"]
[EventDate "2012.09.09"]
[EventType "swiss"]
[EventRounds "9"]
[EventCountry "ESP"]
[Source "lmi"]
[SourceDate "2012.09.09"]

1. c4 g6 2. Nc3 Bg7 3. g3 c6 4. Bg2 Nf6 5. d3 O-O 6. e3 d5 7. cxd5 cxd5 8. Nge2
Nc6 9. O-O e5 10. Qb3 d4 11. exd4 Nxd4 12. Nxd4 exd4 13. Ne4 Nxe4 14. Bxe4 Bh3
15. Re1 Rc8 16. Bf4 b6 17. Rac1 Qd7 18. Qd5 Qa4 19. a3 Be6 20. Qb7 Rc2 21. Rxc2
Qxc2 22. Rc1 Qxb2 23. Qxa7 h5 24. Qa4 b5 25. Qb4 Qxb4 26. axb4 Rc8 27. Rxc8+
Bxc8 28. Bc6 Bf8 29. Bxb5 Bxb4 30. Kf1 Bg4 31. Be5 Bc3 32. Kg2 Bd1 33. Bf6 Kh7
34. h4 Kg8 35. Bc4 Bg4 36. Kf1 Bf3 37. Kg1 1/2-1/2

[Event "I Open Distrito de Chamartin 2012"]
[Site "Madrid ESP"]
[Date "2012.09.15"]
[Round "9.37"]
[White "Garcia Otero, Pedro"]
[Black "Barria Arbunic, Manuel"]
[Result "1/2-1/2"]
[WhiteElo "1733"]
[BlackElo "1470"]
[PlyCount "45"]
[EventDate "2012.09.09"]
[EventType "swiss"]
[EventRounds "9"]
[EventCountry "ESP"]
[Source "lmi"]
[SourceDate "2012.09.09"]

1. d4 Nf6 2. Nf3 e6 3. Bf4 c5 4. c3 cxd4 5. cxd4 a6 6. e3 d6 7. Nc3 b6 8. Bd3
Bb7 9. O-O Be7 10. Rc1 O-O 11. Qc2 Nbd7 12. Qe2 b5 13. b4 Nb6 14. Rc2 Nbd5 15.
Bg3 Nxb4 16. Rb2 Nxd3 17. Qxd3 Nh5 18. a4 Nxg3 19. hxg3 Bxf3 20. gxf3 bxa4 21.
Nxa4 Qa5 22. Nc3 Rab8 23. Ra2 1/2-1/2

[Event "I Open Distrito de Chamartin 2012"]
[Site "Madrid ESP"]
[Date "2012.09.15"]
[Round "9.38"]
[White "Garceran Izquierdo, Ruben"]
[Black "Picazo Sancho, Alvaro"]
[Result "1/2-1/2"]
[WhiteElo "1719"]
[BlackElo "1481"]
[PlyCount "55"]
[EventDate "2012.09.09"]
[EventType "swiss"]
[EventRounds "9"]
[EventCountry "ESP"]
[Source "lmi"]
[SourceDate "2012.09.09"]

1. c4 Nf6 2. Nc3 g6 3. Nf3 Bg7 4. e3 d6 5. d4 O-O 6. Be2 Nbd7 7. O-O e5 8. dxe5
Nxe5 9. Nxe5 dxe5 10. Qxd8 Rxd8 11. b3 e4 12. Bb2 Ne8 13. Rfd1 Be6 14. Rxd8
Rxd8 15. Rd1 Rxd1+ 16. Nxd1 f5 17. Bxg7 Kxg7 18. Nc3 a6 19. c5 c6 20. b4 Nc7
21. a4 Nd5 22. Nxd5 Bxd5 23. b5 cxb5 24. axb5 axb5 25. Bxb5 Bc6 26. Bc4 Kf6 27.
Kf1 Ke5 28. Ke1 1/2-1/2

[Event "I Open Distrito de Chamartin 2012"]
[Site "Madrid ESP"]
[Date "2012.09.15"]
[Round "9.40"]
[White "Lopez Garralon, Jorge"]
[Black "Sanchez Tapia, Luis G"]
[Result "0-1"]
[WhiteElo "1264"]
[BlackElo "1605"]
[PlyCount "60"]
[EventDate "2012.09.09"]
[EventType "swiss"]
[EventRounds "9"]
[EventCountry "ESP"]
[Source "lmi"]
[SourceDate "2012.09.09"]

1. e4 c6 2. d3 e5 3. Nd2 d5 4. Ngf3 Bd6 5. Be2 Ne7 6. c3 Ng6 7. g3 Bh3 8. Bf1
Bxf1 9. Nxf1 O-O 10. Ne3 d4 11. Nc4 Bc7 12. a4 a5 13. Qb3 Na6 14. Qc2 Qf6 15.
Qe2 h6 16. O-O Nc5 17. b4 Nb3 18. Ra3 Nxc1 19. Rxc1 axb4 20. cxb4 Qe7 21. Rb1
f5 22. exf5 Rxf5 23. Qe4 Qf6 24. Ncd2 Rf8 25. Kg2 Ne7 26. Rf1 Nd5 27. Rb3 Nc3
28. Qe1 Rxf3 29. Nxf3 Qxf3+ 30. Kh3 Rf5 0-1